000 00502nam a22001817a 4500
005 20260506105550.0
008 260506b |||||||| |||| 00| 0 eng d
020 _a9780230230866
_qhbk
041 _aeng
082 _a341.2 COR
100 _aCorner, Mark
245 _aThe Binding of Nations:
_bFrom European Union to World Union
_c/Mark Corner:
260 _aUK
_bPalgrave Macmillan
_c2010
300 _aix, 250. :
_c20cm.
504 _aBib and Ref
650 _aLaw of nations
942 _cENGLISH
999 _c622601
_d622601